Balance de la lucha armada, cincuenta años después /

Enregistré dans:
Détails bibliographiques
Auteur principal: Beverley, John
Format: Texte
Tags: Ajouter un tag
Pas de tags, Soyez le premier à ajouter un tag!

MARC

LEADER 00000 a a2200000 04500
001 41306
003
040
100 |a Beverley, John  
245 |a Balance de la lucha armada, cincuenta años después /  |c John Beverley  
773 |g número254 (2009), páginas 15-22  
999 |c 22336  |d 22336